LEADER 00891nam0-2200313---450- 001 990010078370403321 005 20160607102215.0 010 $a978-88-917-2697-1 035 $a001007837 035 $aFED01001007837 035 $a(Aleph)001007837FED01 035 $a001007837 100 $a20160607d2015----km-y0itay50------ba 101 0 $aita 102 $aIT 105 $a--------001yy 200 1 $aFenomenologia zingara$eetnografia di una comuità rom a Palermo$fElisabetta Di Giovanni 210 $aMilano$cFrancoAngeli$d2015 215 $a93 p.$cfig.$d20 cm 610 0 $aZingari$aPalermo 676 $a305.891497$v22$zita 700 1$aDi Giovanni,$bElisabetta$0144798 801 0$aIT$bUNINA$gRICA$2UNIMARC 901 $aBK 912 $a990010078370403321 952 $a305.891497 DIG 1$b2720$fBFS 959 $aBFS 996 $aFenomenologia zingara$91498344 997 $aUNINA